000 00497nam a2200181Ia 4500
005 20250508163418.0
008 008 250505s9999 xx 000 0 eng d
037 _aTextual
040 _aFEDL
_beng
_cFEDL
041 _aeng
_2eng
084 _a920, STE
_qFEDL
100 _aStevens William Oliver
_9775289
245 0 _aFamous men of science
260 _aNew York, USA
_bDodd, Mead and Company
_c1952
300 _a163p.
942 _cTEXL
_h920, STE
999 _c1382957
_d1382957